Score 0/12 Timer 03:00
0 Plays Today
% Correct
The X-Files and The Simpsons
96.3%
The Jetsons and The Flintstones
95.8%
The Flash and Supergirl
94.6%
Friends and Mad About You
94.1%
The Jeffersons and Fresh Prince of Bel-Air
93.7%
Brooklyn Nine-Nine and New Girl
80.3%
Full House and Family Matters
78.7%
Happy Days and Mork & Mindy
78.3%
Buffy the Vampire Slayer and Angel
77.8%
St. Elsewhere and Cheers
76.8%
Murder, She Wrote and Magnum, P.I.
73.7%
Scandal and How to Get Away with Murder
60.4%
Remove Ads.
Support Sporcle.
Get the best of Sporcle when you Go Orange. This ad-free experience offers more features, more stats, and more fun while also helping to support Sporcle. Thank you for becoming a member.

You're not logged in!

Compare scores with friends on all Sporcle quizzes.
OR
Log In

Show Comments

Extras

Top Quizzes Today


Score Distribution

Your Account Isn't Verified!

In order to create a playlist on Sporcle, you need to verify the email address you used during registration. Go to your Sporcle Settings to finish the process.

Report this User

Report this user for behavior that violates our Community Guidelines.

Details: